| 000 | 00657nam a22001817a 4500 | ||
|---|---|---|---|
| 005 | 20260415090208.0 | ||
| 008 | 260415b |||||||| |||| 00| 0 eng d | ||
| 040 |
_aLC _cUNZA _dUNZA _eRDA |
||
| 050 |
_aZAMB DT 756 _bSCE 1876 |
||
| 245 |
_aScenes and services in South Africa : _bthe story of Robert Moffat's half-century of missionary labours / |
||
| 250 | _aSpecial edition for presentation | ||
| 260 |
_a London: _b John Snow & Co., _c1876. |
||
| 300 |
_a 255 pages: _billustrations. |
||
| 500 | _aAt head of title: Special edition for presentation. | ||
| 650 |
_a Moffat, Robert _y1795-1883. |
||
| 650 |
_aMissions _zSouth Africa. |
||
| 942 | _cZAMBIANA | ||
| 999 |
_c216605 _d216605 |
||